00559nam a22001817a 450000500170000001000130001702000260003003500130005603700220006908200060009124501180009726000330021527000550024830000240030365000120032770000180033970000200035720190930153447.0 aB-730459 a9789387164253c299.00 aB-730459 bTalking Clubadpl aS aPrankenstein: bThe Book of Crazy Mischief /cEdited by Ruskin Bond and Jerry Pinto; illustrated by Lavanya Naidu aNew DelhibTalking Cubc2017 a4381/4 Ansari Road, Daryaganj,bNew Delhie110002 a145p.c21(Hb)bill. aFiction aPinto, Jerry  aNaidu, Lavanya